Statistical physics
Spremljeno u:
| Glavni autor: | |
|---|---|
| Format: | Knjiga |
| Jezik: | engleski |
| Izdano: |
Nueva York
McGraw-Hill
1965
|
| Serija: | Berkeley Physics Course, 5
|
| Teme: | |
| Oznake: |
Dodaj oznaku
Bez oznaka, Budi prvi tko označuje ovaj zapis!
|
MARC
| LEADER | 00000nam a2200000 a 4500 | ||
|---|---|---|---|
| 001 | UCV4194 | ||
| 003 | CL-VaPUC | ||
| 008 | 900813e19650000US |||||||||||||||||eng|d | ||
| 082 | 0 | 4 | |a 530.13 |b REI |2 21 |
| 100 | 0 | |a Reif, Frederick |e author |9 298518 | |
| 245 | 1 | 0 | |a Statistical physics |
| 300 | |a 398 p | ||
| 942 | |c BK | ||
| 945 | |d 19900813 00:00:00 |a mfernand | ||
| 260 | |a Nueva York |b McGraw-Hill |c 1965 | ||
| 650 | 0 | |a Física estadística |9 260414 | |
| 583 | |a last modification |c 19900813 00:00:00 |k Rodrigo Vera | ||
| 490 | 0 | |a Berkeley Physics Course, 5 | |
| 999 | |c 211154 |d 211152 | ||